ბათუმის შოთა რუსთაველის სახელმწიფო უნივერსიტეტის ბიბლიოთეკა

ქართული ენის გრამატიკის საფუძვლები : (ბიბ.ჩანაწერი № 55740)

000 -ლიდერი
ფიქსირებული სიგრძის საკონტროლო ველი 01289nam a2200277Ia 4500
001 - საკონტროლო ნომერი
საკონტროლო ველი 22835
003 - საკონტროლო ნომრის იდენტიფიკატორი
საკონტროლო ველი GE_BSU
005 - ბოლო ოპერაციის თარიღი და დრო
საკონტროლო ველი 20230522170954.0
008 - ფიქსირებული სიგრძის მონაცემთა ელემენტები - ზოგადი ინფორმაცია
ფიქსირებული სიგრძის საკონტროლო ველი 181216s ||||ge |||||||||||||| ||geo||
040 ## - კატალოგიზაციის წყარო
Transcribing agency GE_BSU
041 ## - ენის კოდი
Language code of text/sound track or separate title geo
080 ## - უნივერსალური ათობითი კლასიფიკაციის ინდექსი
Universal Decimal Classification number 811.353.1'36 შ-21
100 ## - მთავარი ჩანაწერი - პიროვნების სახელი
Personal name შანიძე, აკაკი
9 (RLIN) 18175
245 ## - ცნობა სათაურის შესახებ
Title ქართული ენის გრამატიკის საფუძვლები :
Remainder of title ტ.1 მორფოლოგია /
Statement of responsibility, etc აკაკი შანიძე ; რედ. ი. იმნაიშვილი.
250 ## - გამოცემის ცნობა
Edition statement მეორე გამოცემა
264 ## - წარმოების, გამოცემის, დისტრიბუციის და სხვა ცნობები
გამოცემის, წარმოების, დისტრიბუციის... ადგილი თბილისი :
გამოცემის, წარმოების, დისტრიბუციის... სახელწოდება თსუ-ს გამომცემლობა,
გამოცემის, წარმოების, დისტრიბუციის... თარიღი 1973.
300 ## - ფიზიკური აღწერა
Extent 656 გვ. ;
Dimensions 25 სმ.
490 ## - სერიის ცნობა
Series statement ძველი ქართული ენის კათედრის შრომები
Volume number/sequential designation 15
504 ## - BIBLIOGRAPHY, ETC. NOTE
Bibliography, etc ბიბლიოგრ. : გვ. 655-656
653 ## - INDEX TERM--UNCONTROLLED
Uncontrolled term ქართული ენა
653 ## - INDEX TERM--UNCONTROLLED
Uncontrolled term ქართული ენის გრამატიკის საფუძვლები
653 ## - INDEX TERM--UNCONTROLLED
Uncontrolled term ტ.1 მორფოლოგია
700 ## - ADDED ENTRY--PERSONAL NAME
Personal name იმნაიშვილი, ი.
Relator term რედაქტორი
9 (RLIN) 18176
942 ## - ADDED ENTRY ELEMENTS (KOHA)
Koha item type წიგნი
Source of classification or shelving scheme
ეგზემპლარები
ჩამოწერის სტატუსი დაკარგული ეგზემპლარის სტატუსი კლასიფიკაციის წყარო ან თაროზე გაწყობის სქემა დაზიანების სტატუსი არ გაიცემა მუდმივი მდებარეობა (დაცვის ადგილი) ამჟამინდელი ადგილსამყოფელი თაროზე განთავსების ადგილი შეძენის თარიღი ღირებულება, შესყიდვის ნორმალური ფასი სრული შენახვის შიფრი შტრიხკოდი ბოლო ოპერაციის თარიღი ეგზემპლარის მიმდევრობითი ნომერი (კეტერი?) ფასის ძალაში შესვლის თარიღი ეგზემპლარის სახეობა საჯარო შენიშვნა
          ბათუმის შოთა რუსთაველის სახელმწიფო უნივერსიტეტის მთავარი ბიბლიოთეკა ბათუმის შოთა რუსთაველის სახელმწიფო უნივერსიტეტის მთავარი ბიბლიოთეკა წიგნსაცავი 2018-12-17 6.60 811.353.1'36 შ-21 58304 2018-12-17 58304 2018-12-17 წიგნი 6.60 ₾.
          ბათუმის შოთა რუსთაველის სახელმწიფო უნივერსიტეტის მთავარი ბიბლიოთეკა ბათუმის შოთა რუსთაველის სახელმწიფო უნივერსიტეტის მთავარი ბიბლიოთეკა წიგნსაცავი 2018-12-17 6.60 811.353.1'36 შ-21 58303 2018-12-17 58303 2018-12-17 წიგნი 6.60 ₾.
          ბათუმის შოთა რუსთაველის სახელმწიფო უნივერსიტეტის მთავარი ბიბლიოთეკა ბათუმის შოთა რუსთაველის სახელმწიფო უნივერსიტეტის მთავარი ბიბლიოთეკა წიგნსაცავი 2018-12-17 6.60 811.353.1'36 შ-21 58300 2018-12-17 58300 2018-12-17 წიგნი 6.60 ₾.
          ბათუმის შოთა რუსთაველის სახელმწიფო უნივერსიტეტის მთავარი ბიბლიოთეკა ბათუმის შოთა რუსთაველის სახელმწიფო უნივერსიტეტის მთავარი ბიბლიოთეკა წიგნსაცავი 2018-12-17 6.60 811.353.1'36 შ-21 58302 2018-12-17 58302 2018-12-17 წიგნი 6.60 ₾.
          ბათუმის შოთა რუსთაველის სახელმწიფო უნივერსიტეტის მთავარი ბიბლიოთეკა ბათუმის შოთა რუსთაველის სახელმწიფო უნივერსიტეტის მთავარი ბიბლიოთეკა წიგნსაცავი 2018-12-17 6.60 811.353.1'36 შ-21 58301 2018-12-17 58301 2018-12-17 წიგნი 6.60 ₾.